000 01167nam0a22003011 4500
001 v19\rc\1657789
005 20061002133812.0
035 _a(NLR Aleph) 004767824
090 _a4614250
_c4614250
100 _a20061002d1890 |||y0rusy50 ca
101 0 _arus
102 _aRU
105 _ay z |||a|
200 1 _aНаталия, или Русская женщина в Отечественную войну 1812 г.
_eРассказ К. Голохвастова
210 _aСанкт-Петербург
_cТ.Ф. Кузин
_d1890
_eНовгород
215 _a103 с.
_d18
300 _aНа обл. загл.: "Русская женщина в Отечественную войну"; авт. не указан
517 0 _aРусская женщина в Отечественную войну
517 0 _aРусская женщина в Отечественную войну 1812 г.
700 1 _aГолохвастов
_bК. К.
801 0 _aRU
_bNLR
_gpsbo
801 0 _aRU
_bRuMoRGB
_2psbo
801 1 _aRU
_bProSoft-M
_2rusmarc
852 _aNLR
_j18.295.2.423
852 _aNLR
_j128/4808
899 _aRuMoRGB
_jМК
942 _cBOOK
980 _aNB